| 000 | 00811 a2200169 4500 | ||
|---|---|---|---|
| 003 | Nust | ||
| 005 | 20230202131708.0 | ||
| 040 | _cNust | ||
| 082 | _a953.6,KHA | ||
| 100 |
_aKhan , Shahid A _946375 |
||
| 245 |
_aThe Persian Gulf and The Balance of Power / _cMajor Shahid A. Khan |
||
| 260 |
_bArmy Education Press _aRawalpindi _c1982 |
||
| 300 | _a115:p | ||
| 505 | _aIntroduction (Page-1), The Historical Overview of the Balance of Power Systems in the Persian Gulf Region (Page-8), The Land People and the Politics of Persian Gulf Region (Page-46), Regional Politics of Persian Gulf (Page-68), The Creation and Collapse of a New Balance of Power Systems in the Persian Gulf (Page-86), Future of the Persian Gulf and Western Options (Page-99). | ||
| 650 |
_aGulf and The Balance _9108502 |
||
| 942 |
_2ddc _cBK |
||
| 999 |
_c187325 _d187325 |
||